| 000 | 00659nam a22001455i 4500 | ||
|---|---|---|---|
| 001 | 174946 | ||
| 003 | ES-MaACL | ||
| 005 | 20230906215713.0 | ||
| 008 | 100727s1885 sp |||| | spa d | ||
| 245 | 0 | 0 | _aDocumentos que sintetizan y compendian la visita pastoral de la Real Capilla y Cofradía de Nuestra Señora de los Desamparados de la ciudad de Valencia y conducta de la Junta de Cofradía. |
| 260 |
_aValencia : _b[s.n.], _c1885 ( _fImpr. de Nicasio Rius Monfort) |
||
| 300 |
_a115 p. ; _c32 cm. |
||
| 610 | 2 | 4 |
_aArchicofradía de Nuestra Señora de los Desamparados (Valencia) _9164054 |
| 852 |
_aES-MaACL _jT-501-F-1 _q.- Faltan las 10 páginas primeras |
||
| 999 |
_c174946 _d174946 |
||